Great stories of all nations (Record no. 2654)
[ view plain ]
| 000 -LEADER | |
|---|---|
| fixed length control field | 00338nam a2200109 4500 |
| 082 ## - DEWEY DECIMAL CLASSIFICATION NUMBER | |
| Classification number | YAM |
| Item number | 808.83 LIE |
| 100 ## - MAIN ENTRY--PERSONAL NAME | |
| Personal name | Lieber, Maxim |
| 245 ## - TITLE STATEMENT | |
| Title | Great stories of all nations |
| Statement of responsibility, etc. | Maxim Lieber and Blanche Cotton Williams |
| 260 ## - PUBLICATION, DISTRIBUTION, ETC. | |
| Place of publication, distribution, etc. | Bombay |
| Name of publisher, distributor, etc. | George G. Harrap |
| Date of publication, distribution, etc. | 1927[reprinted 1931] |
| 300 ## - PHYSICAL DESCRIPTION | |
| Extent | 1121p.; 24cm. |
| 710 ## - ADDED ENTRY--CORPORATE NAME | |
| Corporate name or jurisdiction name as entry element | Blanche, Cotton Williams |
| Withdrawn status | Lost status | Damaged status | Not for loan | Collection code | Home library | Current library | Date acquired | Total Checkouts | Full call number | Barcode | Date last seen | Date last checked out | Copy number | Price effective from | Koha item type |
|---|---|---|---|---|---|---|---|---|---|---|---|---|---|---|---|
| GEOGRAPHY & YAMUNACHARYA | North Eastern Hill University | North Eastern Hill University | 24/11/2011 | 1 | YAM 808.83 LIE | B922 | 06/03/2017 | 03/03/2017 | Eng | 24/11/2011 | Books |
